| 000 | 01479nam a2200421Ia 4500 | ||
|---|---|---|---|
| 001 | ebr10112473 | ||
| 003 | CaPaEBR | ||
| 006 | m u | ||
| 007 | cr cn||||||||| | ||
| 008 | 050503s2005 nyua sb 001 0 eng d | ||
| 020 | _z0738490601 | ||
| 040 |
_aCaPaEBR _cCaPaEBR |
||
| 035 | _a(OCoLC)560113142 | ||
| 050 | 1 | 4 |
_aTK5105.8885.W43 _bB57 2005eb |
| 100 | 1 | _aRoehm, Birgit. | |
| 245 | 1 | 0 |
_aWebSphere application server V6 scalability and performance handbook _h[electronic resource] / _cBirgit Roehm. |
| 260 |
_aWhite Plains, N.Y. : _bIBM, _cc2005. |
||
| 300 |
_axxviii, 1084 p. : _bill. |
||
| 490 | 1 | _aRedbooks | |
| 500 | _a"May 2005." | ||
| 504 | _aIncludes bibliographical references and index. | ||
| 533 |
_aElectronic reproduction. _bPalo Alto, Calif. : _cebrary, _d2009. _nAvailable via World Wide Web. _nAccess may be limited to ebrary affiliated libraries. |
||
| 630 | 0 | 0 | _aWebSphere. |
| 650 | 0 | _aClient/server computing. | |
| 655 | 7 |
_aElectronic books. _2local |
|
| 700 | 1 | _aChen, Gang. | |
| 700 | 1 | _aFernandes, Andre de Oliveira. | |
| 700 | 1 | _aFerreria, Cristiane. | |
| 700 | 1 | _aKrick, Rodney. | |
| 700 | 1 | _aLey, Denis. | |
| 700 | 1 | _aPeterson, Robert R. | |
| 700 | 1 | _aPoul, Gerhard. | |
| 700 | 1 | _aWong, Joshua. | |
| 700 | 1 | _aZhou, Ruibin. | |
| 710 | 2 | _aebrary, Inc. | |
| 830 | 0 | _aIBM redbooks. | |
| 856 | 4 | 0 |
_uhttp://site.ebrary.com/lib/rucke/Doc?id=10112473 _zAn electronic book accessible through the World Wide Web; click to view |
| 999 |
_c106578 _d106578 |
||